000 00911nam a22002417a 4500
999 _c552
_d552
005 20190821143234.0
008 190821b ||||| |||| 00| 0 eng d
020 _a9781595143846
040 _cKH8
082 _aFIC OST
100 _aOstlere, Cathy
245 _aKarma :
_ba novel in verse /
_cCathy Ostlere
260 _aNew York :
_b Razorbill,
_c2012, ©2011.
300 _a517 pages :
_bmap ;
_c24 cm.
500 _aOriginally published: ©2011.
520 _aAfter the Prime Minister Indira Gandhi's assassination, Maya and her father are separated and she must rely on Sandeep, a boy of a different faith, to reunite them.
600 _aGandhi, Indira
_d1917-1984.
650 _aGandhi, Indira,
_vAssassination
_xJuvenile fiction.
_y1917-1984
650 _aNovels in verse.
650 _aMissing persons
_v Juvenile fiction.
650 _aCanadians
_vIndia
_xJuvenile fiction.
942 _2ddc
_cFIC